| 000 | 00380cam a22001217a 4500 | ||
|---|---|---|---|
| 008 | 180718b1963 xxu||||| |||| 00| 0 eng d | ||
| 082 | _aXA9403x54 Iy9 | ||
| 100 | _aIyar, A.N. | ||
| 245 |
_aThe compulsory deposit scheme Act,1963 by A.N. Aiyar _cby A.N. Iyar |
||
| 260 |
_aMadras _bCompany Law Institiute _c1963 |
||
| 300 | _a42p. | ||
| 650 | _aSaving and Thriift - India - Legislation | ||
| 999 |
_c371183 _d371183 |
||